[Event "ch-FRA National 1"]
[Site "Lille FRA"]
[Date "2005.05.08"]
[Round "11"]
[White "Eingorn,V"]
[Black "Inkiov,V"]
[Result "1-0"]
[WhiteElo "2587"]
[BlackElo "2474"]

1.d4 Nf6 2.c4 e6 3.Nf3 Bb4+ 4.Bd2 Qe7 5.g3 O-O 6.Bg2 Bxd2+ 7.Qxd2 d6 8.O-O e5
9.Nc3 Re8 10.e4 Bg4 11.Ne1 Nc6 12.d5 Nd4 13.Nc2 Nf3+ 14.Bxf3 Bxf3 15.Qd3 Bg4
16.f3 Bh3 17.Rf2 Nh5 18.Kh1 g6 19.Ne3 Rf8 20.g4 Nf4 21.Qd2 f5 22.exf5 gxf5
23.Nxf5 Rxf5 24.gxf5 Bxf5 25.Ne2 Nh3 26.Rg2+ Kh8 27.Qh6 Rf8 28.Ng3 Bc8 29.Nh5 Rf7
30.Rf1 e4 31.Qe3 exf3 32.Qxe7 Rxe7 33.Rg3 f2 34.Kg2 Re5 35.Nf6 Nf4+ 36.Kxf2 Ng6
37.Re1 Rf5+ 38.Rf3 Ne5 39.Rxf5 Bxf5 40.Rg1 Bg6 41.b3 a5 42.h4 Bf7 43.Ng4 Ng6
44.Nh6 Kg7 45.Nxf7 Kxf7 46.Kg3 Ne5 47.Kf4 h6 48.Kf5 Nf3 49.Rg4 Ne5 50.h5 Nd7
51.Rg1 Nf6 52.Rg6 Nxh5 53.Rxh6 Ng7+ 54.Kg5 Ne8 55.Rh7+ Kf8 56.Kg6 Kg8 57.Rf7  1-0

[Event "FSGM May"]
[Site "Budapest HUN"]
[Date "2005.05.09"]
[Round "3"]
[White "Gonda,L"]
[Black "Paschall,W"]
[Result "1/2-1/2"]
[WhiteElo "2416"]
[BlackElo "2400"]

1.d4 Nf6 2.Nf3 e6 3.c4 Bb4+ 4.Bd2 a5 5.g3 d6 6.Bg2 Nbd7 7.O-O e5 8.Nc3 O-O
9.a3 Bxc3 10.Bxc3 e4 11.Ne1 Nb6 12.d5 Nxc4 13.Bxf6 Qxf6 14.Bxe4 Nxb2 15.Qc2 b5
16.Bxh7+ Kh8  1/2-1/2

[Event "Torch Real Estate Cup"]
[Site "Wuxi CHN"]
[Date "2005.05.14"]
[Round "13"]
[White "Wang Doudou"]
[Black "Hou Yifan"]
[Result "0-1"]
[WhiteElo "2143"]
[BlackElo "2158"]

1.d4 Nf6 2.c4 e6 3.Nf3 Bb4+ 4.Bd2 c5 5.Bxb4 cxb4 6.Qd3 d6 7.g3 O-O 8.Bg2 Nc6
9.O-O e5 10.e4 Bg4 11.Nbd2 Nd7 12.dxe5 dxe5 13.h3 Bxf3 14.Nxf3 Nc5 15.Qe3 Ne6
16.Rfd1 Qc7 17.Rac1 b6 18.Bf1 Ncd4 19.h4 Rad8 20.b3 Nxf3+ 21.Qxf3 Nd4 22.Qe3 Qc6
23.Bg2 Rd6 24.f4 Qc5 25.Kh2 Rfd8 26.Rf1 Nc6 27.Qxc5 bxc5 28.Rf2 f6 29.Rcc2 Rd3
30.Bh3 Kf7 31.Rb2 Ke7 32.h5 g6 33.Bf1 Re3 34.hxg6 hxg6 35.Rbd2 Rxd2 36.Rxd2 Nd4
37.Kg2 exf4 38.gxf4 Rxe4 39.Kg3 Nf5+ 40.Kf3 Re6 41.Rd5 Ne3 42.Rxc5 Nxf1 43.Rc7+ Kd6
44.Rxa7 Nd2+ 45.Kf2 Kc5 46.Rb7 Ra6 47.Ke3 Rxa2 48.Rb5+ Kc6 49.Rxb4 Rb2 50.Ra4 Nf1+
51.Ke4 Rxb3 52.Ra1 Ng3+ 53.Kd4 Nf5+  0-1

[Event "1st Rapid Open"]
[Site "Livry Gargan BEL"]
[Date "2005.05.15"]
[Round "7"]
[White "Tregubov,P"]
[Black "Alienkin,A"]
[Result "1-0"]
[WhiteElo "2612"]
[BlackElo "2393"]

1.d4 Nf6 2.Nf3 e6 3.c4 Bb4+ 4.Bd2 a5 5.g3 b6 6.Bg2 Bb7 7.O-O O-O 8.Bf4 Be7
9.Nc3 Ne4 10.Nb5 c6 11.Nc3 Nxc3 12.bxc3 Ba6 13.Nd2 d6 14.Rb1 Ra7 15.Qb3 Rb7
16.Rfd1 Qc8 17.Bh3 f5 18.Nf3 d5 19.Ne5 Nd7 20.cxd5 cxd5 21.Bf1 Nxe5 22.Bxe5 Bc4
23.Qb2 Qc6 24.e3 Rc8 25.Bxc4 Qxc4 26.Rdc1 Rc6 27.Qb5 Qxb5 28.Rxb5 Bb4 29.Kf1 Rxc3
30.Rxc3 Bxc3 31.a3 a4 32.Ke2 Kf7 33.Kd3 Be1 34.f3 g6 35.Rb1 Ba5 36.Bd6 Ke8
37.e4 Kd7 38.e5 b5 39.g4 Bc7 40.Bc5 Ba5 41.gxf5 exf5 42.h4 Ke6 43.f4 Bd8
44.Rh1 Be7 45.Kc3 Bxc5 46.dxc5 Kd7 47.Kb4 Kc6 48.e6 Re7 49.Re1 d4 50.Re5 Re8
51.e7 d3 52.Re6+ Kd5 53.Rd6+ Ke4 54.Rd7 Ke3 55.c6 d2 56.c7 Rxe7 57.Rxe7+ Kxf4
58.Rd7 Ke3 59.c8=Q f4 60.Qc3+ Ke4 61.Qxd2 f3 62.Qd4+ Kf5 63.Rf7+ Ke6 64.Rf6+ Ke7
65.Qd6+  1-0

[Event "48th TCh-SCG"]
[Site "Herceg Novi SCG"]
[Date "2005.05.16"]
[Round "2"]
[White "Ilic,DB"]
[Black "Mitrovic,P"]
[Result "1/2-1/2"]
[WhiteElo "2295"]
[BlackElo "2390"]

1.d4 Nf6 2.c4 e6 3.Nf3 Bb4+ 4.Bd2 Qe7 5.g3 Nc6 6.Nc3 O-O 7.Bg2 a5 8.O-O d6
9.d5 exd5 10.cxd5 Ne5 11.Nxe5 dxe5 12.a3 Bd6 13.Rc1 Bd7 14.Bg5 h6 15.Bxf6 Qxf6
16.Ne4 Qd8 17.Qb3 b6 18.e3 Ra7 19.Nxd6 cxd6 20.Rc3 Qb8 21.Rfc1 Rc8 22.Qc2 Rxc3
23.Qxc3 Kf8 24.f4 Ke7 25.Qc2 g6 26.h4 Kd8 27.h5 Rc7 28.Qxc7+ Qxc7 29.Rxc7 Kxc7
30.hxg6 fxg6 31.fxe5 dxe5 32.b4 axb4 33.axb4 Kd6  1/2-1/2

[Event "62nd ch-GEO w"]
[Site "Tblisi GEO"]
[Date "2005.05.16"]
[Round "11"]
[White "Lomineishvili,M"]
[Black "Khukhashvili,S"]
[Result "1-0"]
[WhiteElo "2396"]
[BlackElo "2366"]

1.d4 Nf6 2.c4 e6 3.Nf3 Bb4+ 4.Bd2 Qe7 5.g3 O-O 6.Bg2 Bxd2+ 7.Qxd2 Ne4 8.Qc2 f5
9.O-O d6 10.Nc3 Nxc3 11.Qxc3 Nd7 12.b4 e5 13.dxe5 dxe5 14.c5 c6 15.Rad1 Re8
16.Nd2 Nf6 17.Nc4 h5 18.Nd6 Rf8 19.a4 a6 20.b5 axb5 21.axb5 e4 22.Ra1 Nd5
23.Qd4 Be6 24.f3 e3 25.f4 h4 26.Bxd5 Bxd5 27.Rxa8 Rxa8 28.Nxf5 Qd7 29.Nxh4 Qe6
30.bxc6 Bxc6 31.Nf3 Ra2 32.Qd8+ Qe8 33.Qd3 Qe4 34.Qd8+ Qe8 35.Qd1 Kh8 36.Ng5 Rd2
37.Qb1 g6 38.Re1 Qg8 39.Qa1+ Qg7 40.Qa8+ Qg8 41.Nf7+ Kg7 42.Qxg8+ Kxg8 43.Ne5 Bb5
44.Kf1 Rc2 45.Ng4 Rc3 46.Rb1 Bc6 47.Ne5 Be4 48.Rd1 Rxc5 49.Ng4 Bc6 50.Nxe3 Rb5
51.Nc4 Kg7 52.Ne5 Be4 53.Rd4 Bc2 54.h4 Rb1+ 55.Kf2 b5 56.Rd7+ Kf8 57.Rc7 Rb2
58.Kf3 Bd1 59.Kg4 Rb3 60.Kg5 Rxg3+ 61.Kf6  1-0

[Event "Chigorin CC"]
[Site "St Petersburg RUS"]
[Date "2005.05.18"]
[Round "3"]
[White "Gubochkin,V"]
[Black "Zamyshlyaev,V"]
[Result "0-1"]
[WhiteElo "2076"]
[BlackElo "2227"]

1.d4 e6 2.Nf3 Nf6 3.c4 Bb4+ 4.Bd2 Qe7 5.g3 O-O 6.Bg2 Bxd2+ 7.Nfxd2 d6 8.O-O e5
9.e3 Nc6 10.d5 Nb8 11.a3 a5 12.Nc3 Na6 13.b4 Bg4 14.Qb3 Qe8 15.Rfc1 Nd7 16.h3 Bh5
17.g4 Bg6 18.e4 Qe7 19.Nf1 Qh4 20.Nd1 h5 21.f3 Rfe8 22.Rc3 Kf8 23.Rac1 b6
24.Nf2 Ke7 25.Nd3 Bh7 26.Qc2 g6 27.bxa5 Nac5 28.axb6 Nxd3 29.Rxd3 cxb6 30.Qd2 hxg4
31.fxg4 f5 32.Qf2 Qxf2+ 33.Kxf2 fxe4 34.Re3 Nc5 35.Rb1 g5 36.Rxb6 Rf8+ 37.Kg3 Rf4
38.Nd2 Bg6 39.Rb4 Kd8 40.a4 Kc7 41.Ra3 Nd3 42.Rb1 e3 43.Nf3 e2 44.Ne1 Rf1
45.Raa1 Rb8 46.Rxb8 Kxb8 47.Ra2 Rxe1 48.Kf3 Rf1+  0-1

[Event "HB Global CC"]
[Site "Minneapolis USA"]
[Date "2005.05.19"]
[Round "2"]
[White "Vasquez,R"]
[Black "Kopec,D"]
[Result "1-0"]
[WhiteElo "2551"]
[BlackElo "2376"]

1.d4 Nf6 2.c4 e6 3.Nf3 Bb4+ 4.Bd2 a5 5.g3 Qe7 6.Nc3 O-O 7.Bg2 d6 8.O-O Nbd7
9.Qc2 Re8 10.Nb5 Nf8 11.a3 Bxd2 12.Nxd2 c6 13.Nc3 e5 14.e3 Ne6 15.Nf3 Nf8
16.Nd2 Bg4 17.h3 Bh5 18.d5 Bg6 19.e4 cxd5 20.cxd5 Rec8 21.Qd3 a4 22.Qb5 Rc5
23.Qb4 b5 24.Rae1 Ne8 25.b3 axb3 26.Nxb5 Nc7 27.a4 b2 28.Qxb2 Rb8 29.Nb3 Nd7
30.Nxc5 Nxc5 31.Qc3 f5 32.Nxc7 Qxc7 33.a5 Rb3 34.Qc4 fxe4 35.Bxe4 Bxe4 36.Rxe4 Qe7
37.Re2 h6 38.a6 Ra3 39.Rb2  1-0

[Event "ch-UKR w"]
[Site "Alushta UKR"]
[Date "2005.05.20"]
[Round "5"]
[White "Dvoretska,O"]
[Black "Sluzhbina,A"]
[Result "1/2-1/2"]
[WhiteElo "2166"]
[BlackElo "2147"]

1.d4 Nf6 2.c4 e6 3.Nf3 Bb4+ 4.Bd2 Bxd2+ 5.Qxd2 d6 6.g3 Qe7 7.Bg2 O-O 8.Nc3 e5
9.d5 a5 10.e4 Na6 11.O-O Nc5 12.Qc2 Nh5 13.b3 f5 14.Nd2 f4 15.Qd1 Qg5 16.Nb5 Rf7
17.a3 Bg4 18.f3 Bc8 19.g4 Nf6 20.b4 Na6 21.Qe1 Ne8 22.Nb3 axb4 23.axb4 Qd8
24.Nc3 Bd7 25.Nd1 g5 26.Nb2 b6 27.Ra3 b5 28.Qa1 bxc4 29.Nxc4 Bb5 30.Rc1 Nf6
31.Bf1 Qb8 32.Ra5 Rf8 33.Qc3 h5 34.h3 hxg4 35.hxg4 Rc8 36.Kg2 c6 37.dxc6 Rxc6
38.Rxb5 Qxb5 39.Nxd6 Qxf1+ 40.Kxf1 Rxc3 41.Rxc3 Nxb4  1/2-1/2

[Event "ch-UKR sf"]
[Site "Alushta UKR"]
[Date "2005.05.20"]
[Round "5"]
[White "Tishin,D"]
[Black "Kuzmenko,Y"]
[Result "1/2-1/2"]
[WhiteElo "2355"]
[BlackElo "2256"]

1.d4 e6 2.c4 Nf6 3.Nf3 Bb4+ 4.Bd2 Bxd2+ 5.Qxd2 Qe7 6.Nc3 d6 7.e4 e5 8.dxe5 dxe5
9.Nd5 Nxd5 10.cxd5 Bg4 11.Be2 Bxf3 12.Bxf3 O-O 13.O-O c5 14.Rac1 Qd6 15.Qc3 b6
16.Be2 Nd7 17.Bb5 f5 18.Bxd7 Qxd7 19.f3 Qd6 20.a3 fxe4 21.fxe4 Rxf1+ 22.Rxf1 Rf8
23.Rxf8+ Kxf8 24.Qh3 h6 25.Qc8+ Ke7 26.Qb7+ Qd7 27.Qb8 Kf6 28.Qf8+ Kg6 29.h3 Qf7
30.Qd6+ Qf6 31.Qc6 Kf7 32.d6 Qg5 33.Qd5+ Ke8 34.Qa8+ Kf7 35.Qd5+ Ke8 36.Qa8+ Kf7
37.Qd5+  1/2-1/2

[Event "ch-UKR sf"]
[Site "Alushta UKR"]
[Date "2005.05.21"]
[Round "6"]
[White "Kilimnik,E"]
[Black "Nyzhnyk,I"]
[Result "0-1"]
[WhiteElo "2306"]
[BlackElo "2119"]

1.d4 Nf6 2.Nf3 e6 3.c4 Bb4+ 4.Bd2 Qe7 5.a3 Bxd2+ 6.Qxd2 a5 7.Nc3 d6 8.e4 Nc6
9.Be2 e5 10.d5 Nb8 11.Rb1 O-O 12.Qc2 Nh5 13.g3 Na6 14.Nh4 Nf6 15.Bf1 Nc5
16.b4 Na6 17.Bg2 Bd7 18.O-O c6 19.dxc6 bxc6 20.Nf5 Bxf5 21.exf5 axb4 22.axb4 Rac8
23.Qa4 Nb8 24.Ne4 Nxe4 25.Bxe4 Rfd8 26.Rfd1 Qc7 27.f6 g6 28.g4 Qd7 29.f3 Qe6
30.b5 cxb5 31.Qxb5 Qxf6 32.Bd5 Nd7 33.Kg2 Nc5 34.Qb6 Kg7 35.Qb2 Qf4 36.Qd2 Qf6
37.Rf1 g5 38.Qc2 Ne6 39.Rb7 Nf4+ 40.Kh1 Nxd5 41.Qe4 Ne7 42.Ra1 Ra8 43.Rab1 d5
44.cxd5 Nxd5  0-1

[Event "48th TCh-SCG"]
[Site "Herceg Novi SCG"]
[Date "2005.05.21"]
[Round "7"]
[White "Filipovic,Z"]
[Black "Petrov,G"]
[Result "0-1"]
[WhiteElo "2135"]
[BlackElo "2227"]

1.d4 Nf6 2.c4 e6 3.Nf3 Bb4+ 4.Bd2 Bxd2+ 5.Nbxd2 d5 6.Qc2 Qe7 7.a3 b6 8.Rc1 c6
9.e4 dxe4 10.Nxe4 Bb7 11.c5 Nxe4 12.Qxe4 Nd7 13.h4 bxc5 14.dxc5 Nxc5 15.Qe5 Nd7
16.Qxg7 O-O-O 17.Qc3 Kb8 18.b4 e5 19.Nd2 f5 20.Nc4 e4 21.Na5 Ne5 22.Qe3 Qd6
23.Nxb7 Kxb7 24.Be2 f4 25.Qc3 f3 26.gxf3 exf3 27.Bc4 Nxc4 28.O-O Qg6+  0-1

[Event "ch-UKR sf"]
[Site "Alushta UKR"]
[Date "2005.05.23"]
[Round "8"]
[White "Iljin,T"]
[Black "Golovanj,A"]
[Result "1-0"]
[WhiteElo "2354"]
[BlackElo "2217"]

1.d4 Nf6 2.c4 e6 3.Nf3 Bb4+ 4.Bd2 Qe7 5.g3 Bxd2+ 6.Qxd2 O-O 7.Nc3 d6 8.Bg2 Nc6
9.O-O a5 10.e4 e5 11.d5 Nb8 12.Ne1 Na6 13.Nc2 Nc5 14.b3 Ne8 15.Ne3 g6 16.f4 exf4
17.gxf4 Nf6 18.Rae1 Nh5 19.e5 Qh4 20.Nb5 Nxf4 21.Nxc7 Rb8 22.exd6 Ncd3 23.Rd1 Qh5
24.Kh1 g5 25.Be4 Ne5 26.Nf5 Kh8 27.Qb2 f6 28.Ng3 Qh4 29.Ne6 Bxe6 30.dxe6 Nh5
31.Nxh5 Qxe4+ 32.Qg2 Qg6 33.Ng3  1-0

[Event "ch-UKR sf"]
[Site "Alushta UKR"]
[Date "2005.05.24"]
[Round "9"]
[White "Nedilko,V"]
[Black "Iljin,T"]
[Result "1-0"]
[WhiteElo "2270"]
[BlackElo "2354"]

1.d4 Nf6 2.c4 e6 3.Nf3 Bb4+ 4.Bd2 a5 5.g3 b6 6.Bg2 Bb7 7.O-O O-O 8.Qc2 Be4
9.Qc1 c5 10.Nc3 Bb7 11.a3 Bxc3 12.Bxc3 cxd4 13.Bxd4 Nc6 14.Bxf6 Qxf6 15.Rd1 a4
16.Rxd7 Na5 17.Qc2 Rac8 18.Nd2 Ba6 19.Qxa4 Qxb2 20.Rb1 Qc3 21.Rd3 Qe5 22.Rxb6 Nxc4
23.Rxa6 Nb2 24.Qe4 Nxd3 25.exd3 Qb5 26.Rd6 Rc1+ 27.Nf1 Ra1 28.Qb4 Qe5 29.Rb6 h6
30.Be4 Qc7 31.Qb2 Rxa3 32.Qxa3 Qxb6 33.Bh7+ Kxh7 34.Qxf8 Kg6 35.Qa8 f5 36.Qe8+ Kf6
37.h4 Qd4 38.h5 Qg4 39.f4  1-0

[Event "TCh-ROM A"]
[Site "Tusnad ROM"]
[Date "2005.05.24"]
[Round "4"]
[White "Mateuta,G"]
[Black "Manole,V"]
[Result "1/2-1/2"]
[WhiteElo "2478"]
[BlackElo "2372"]

1.d4 Nf6 2.Nf3 e6 3.c4 Bb4+ 4.Bd2 c5 5.Bxb4 cxb4 6.Nbd2 O-O 7.g3 d6 8.Bg2 Re8
9.O-O Nc6 10.Qc2 Bd7 11.c5 d5 12.e4 h6 13.Rfe1 b6 14.e5 Nh7 15.h4 Rc8 16.Bf1 bxc5
17.dxc5 Nf8 18.Nb3 Qc7 19.Ba6 Rb8 20.Qe2 Na5 21.Rec1 Bc6 22.Nxa5 Qxa5 23.Nd4 Qc7
24.Bb5 Bxb5 25.Nxb5 Qa5 26.Nd6 Re7 27.c6 Rc7 28.a3 Ng6 29.axb4 Qxb4 30.Ra6 f6
31.Rxa7 Rxa7 32.c7 Rxc7 33.Rxc7 Nxe5 34.Nc8 Qxb2 35.Ne7+ Kh7 36.Qxb2 Rxb2
37.h5 Rb8 38.f4 Ng4 39.Rd7 f5 40.Rd6 Rb1+ 41.Kg2 Rb2+ 42.Kg1 Rb3 43.Kg2 Nf6
44.Rxe6 Nxh5 45.Nxd5 Rxg3+ 46.Kf2 Rd3 47.Re5 g6 48.Re7+ Kh8 49.Rd7 Ra3 50.Ke2 Ra6
51.Rd8+ Kg7 52.Rd7+ Kf8 53.Kf3 g5 54.fxg5 hxg5 55.Ne3 Ra3 56.Kf2 Nf6 57.Rb7 f4
58.Nc4 Ne4+ 59.Ke1 Ra1+ 60.Ke2 g4 61.Ne5 Ra2+ 62.Ke1 Ra1+ 63.Ke2 Ra2+ 64.Ke1  1/2-1/2

[Event "30th Elekes Mem GM"]
[Site "Budapest HUN"]
[Date "2005.05.28"]
[Round "8"]
[White "Berczes,D"]
[Black "Paschall,W"]
[Result "1/2-1/2"]
[WhiteElo "2342"]
[BlackElo "2400"]

1.d4 Nf6 2.c4 e6 3.Nf3 Bb4+ 4.Bd2 a5 5.g3 b6 6.Bg2 Bb7 7.O-O O-O 8.Bg5 Be7
9.Bxf6 Bxf6 10.Nc3 d6 11.Qc2 g6 12.Rad1 Nd7 13.e4 Bg7 14.d5 Qe7 15.Ne1 Nc5
16.Nd3 exd5 17.Nxd5 Bxd5 18.cxd5 Bd4 19.Nc1 Bg7 20.b3 b5 21.f4 b4 22.e5 dxe5
23.d6 cxd6 24.Bxa8 Rxa8 25.fxe5 Bxe5 26.Qc4 Kg7 27.Ne2 Qa7 28.Kg2 a4 29.Qd5 axb3
30.axb3 f5 31.Nd4 Ne4 32.Ra1 Qxa1 33.Rxa1 Rxa1 34.Nc6 Ra2+ 35.Kf1 Ra1+ 36.Kg2  1/2-1/2

[Event "VII Open"]
[Site "Salou ESP"]
[Date "2005.05.28"]
[Round "9"]
[White "Wintzer,J"]
[Black "Vehi Bach,V"]
[Result "0-1"]
[WhiteElo "2333"]
[BlackElo "2425"]

1.d4 Nf6 2.c4 e6 3.Nf3 Bb4+ 4.Bd2 Qe7 5.g3 Nc6 6.Bg2 Bxd2+ 7.Nbxd2 d6 8.Nf1 O-O
9.Ne3 e5 10.O-O Re8 11.Rc1 a5 12.Re1 h6 13.a3 e4 14.Nd2 Nxd4 15.Nxe4 Nxe4
16.Qxd4 Nc5 17.Nd5 Qd8 18.Rc3 a4 19.e4 Be6 20.f4 Rb8 21.Bf1 Nb3 22.Qf2 c5
23.Ne3 Bd7 24.Bg2 b5 25.Rd1 Qc7 26.cxb5 Rxb5 27.g4 Qb8 28.h4 Nd4 29.Rd2 Bc6
30.Nf5 Bxe4 31.Nxd4 cxd4 32.Rc4 Bxg2 33.Kxg2 Qb7+ 34.Kh2 Re3 35.Rcxd4 Rbb3
36.Qg2 Qe7 37.g5 Qe6  0-1

[Event "24th OCF NthAmOp"]
[Site "Stillwater USA"]
[Date "2005.05.28"]
[Round "4"]
[White "Parsons,M"]
[Black "Gossell,T"]
[Result "0-1"]
[WhiteElo "1955"]
[BlackElo "2209"]

1.Nf3 Nf6 2.d4 e6 3.c4 Bb4+ 4.Bd2 c5 5.Bxb4 cxb4 6.Qc2 O-O 7.e4 d6 8.Bd3 e5
9.a3 Na6 10.O-O Re8 11.c5 exd4 12.cxd6 b3 13.Qc4 Nxe4 14.Re1 Nxd6 15.Rxe8+ Nxe8
16.Nxd4 Bg4 17.Nc3 Rc8 18.Qa4 Nc5 19.Qc4 Nd6 20.Qd5 Nxd3 21.h3 Nf4 22.Qe5 Ng6
23.Qd5 Be6 24.Nxe6 fxe6 25.Qxe6+ Nf7 26.Nd5 Rc6  0-1

[Event "TCh-BIH Prem"]
[Site "Neum BIH"]
[Date "2005.06.05"]
[Round "2"]
[White "Blagojevic,D"]
[Black "Ilincic,Z"]
[Result "1/2-1/2"]
[WhiteElo "2549"]
[BlackElo "2473"]

1.d4 Nf6 2.c4 e6 3.Nf3 Bb4+ 4.Bd2 c5 5.Bxb4 cxb4 6.Nbd2 O-O 7.e4 d6 8.Bd3 e5
9.O-O Nfd7 10.Rc1 b6 11.Bc2 Qf6 12.Re1 exd4 13.Nb3 Ne5 14.Nfxd4 Na6 15.Bd3  1/2-1/2

[Event "TCh-ARG Magistral AFA"]
[Site "Buenos Aires ARG"]
[Date "2005.06.09"]
[Round "6"]
[White "Slipak,S"]
[Black "Valerga,D"]
[Result "1/2-1/2"]
[WhiteElo "2489"]
[BlackElo "2498"]

1.d4 Nf6 2.c4 e6 3.Nf3 Bb4+ 4.Bd2 c5 5.Bxb4 cxb4 6.a3 bxa3 7.Rxa3 O-O 8.Nc3 d6
9.e3 Nc6 10.Be2 e5 11.O-O Bg4 12.Nd2 Bf5 13.e4 Bg6 14.h4 h6 15.h5 Bh7 16.Qb1 a5
17.Nb5 Qb6 18.Rg3 Kh8 19.Kh2 Nd7 20.Bg4 Nf6 21.Be2 Nd7 22.Bg4  1/2-1/2

[Event "TCh-IRI"]
[Site "Tehran IRI"]
[Date "2005.06.10"]
[Round "5"]
[White "Moradiabadi,E"]
[Black "Melkumyan,H"]
[Result "0-1"]
[WhiteElo "2502"]
[BlackElo "2379"]

1.d4 Nf6 2.c4 e6 3.Nf3 Bb4+ 4.Bd2 c5 5.Bxb4 cxb4 6.Nbd2 O-O 7.e3 d6 8.Bd3 b6
9.O-O Bb7 10.e4 Re8 11.Re1 e5 12.Nf1 Nc6 13.Bc2 Qc7 14.Ng3 Ne7 15.Rc1 Rac8
16.Ba4 Red8 17.Nh4 Ng6 18.Nxg6 hxg6 19.Qd2 a5 20.Bb5 Bc6 21.d5 Be8 22.h4 Qe7
23.Qe2 Rc5 24.Bxe8 Rxe8 25.Nf1 Rec8 26.Nd2 b5 27.g3 Nd7 28.Nb3 Rxc4 29.Rxc4 Rxc4
30.Nxa5 Rc5 31.Nc6 Qe8 32.Nxb4 Nf6 33.b3 Qd7 34.Kg2 Kh7 35.Nc6 Nh5 36.Qe3 f6
37.a4 bxa4 38.bxa4 Qg4 39.Kf1 Rc2 40.Re2 Rc4 41.a5 Ra4 42.Re1 Nf4 43.Kg1 Ra2
44.Rf1 Re2 45.Qa3 Qh3 46.Qf3 Ra2 47.Re1 Ra3  0-1

[Event "National Open"]
[Site "Las Vegas USA"]
[Date "2005.06.12"]
[Round "5"]
[White "Manukian,G"]
[Black "Perelshteyn,E"]
[Result "1/2-1/2"]
[WhiteElo "2293"]
[BlackElo "2507"]

1.d4 Nf6 2.c4 e6 3.Nf3 Bb4+ 4.Bd2 Qe7 5.Nc3 Bxc3 6.Bxc3 Ne4 7.Qc2 Nxc3 8.Qxc3 O-O
9.e4 d6 10.Bd3 Nd7 11.e5 b6 12.Be4 Rb8 13.O-O dxe5 14.dxe5 Nc5 15.Bc2 a5
16.a3 a4 17.Nd4 Bb7 18.Qe3 Rbd8 19.f4 Qh4 20.Rad1 g6 21.Rd2 Rd7 22.Nf3 Qe7
23.Nd4 Qh4 24.Nf3 Qe7 25.Nd4 Rfd8 26.h3 f5 27.exf6 Qxf6 28.Rfd1 Ba6 29.Qc3 Rd6
30.g3 Qg7 31.Kh2 Qf6 32.Kg1 R8d7 33.Kh2 Qg7 34.g4 Qf6 35.f5 exf5 36.gxf5 Qe5+
37.Qg3 Qxg3+ 38.Kxg3 Bxc4 39.fxg6 hxg6 40.Nf3 Rxd2 41.Rxd2 Rxd2 42.Nxd2 Bd3
43.Bd1 Kg7 44.Kf4 Kf6 45.h4 Bf5 46.Ke3 Ke5 47.Nf3+ Kd5 48.Nd4 Bd7 49.Bc2 Be8
50.Ne2 Ne6 51.Nf4+ Nxf4 52.Kxf4 b5 53.Kg5 c5 54.Bxg6 Bxg6 55.Kxg6 b4 56.h5 bxa3
57.bxa3 c4 58.h6 c3 59.h7 c2 60.h8=Q c1=Q 61.Qd8+ Ke6 62.Qe8+ Kd6 63.Qxa4 Qg1+
64.Kf7 Qf2+ 65.Kg6  1/2-1/2

[Event "TCh-ARG Magistral AFA"]
[Site "Buenos Aires ARG"]
[Date "2005.06.14"]
[Round "7"]
[White "Rodriguez,JL"]
[Black "Julia,E"]
[Result "1/2-1/2"]
[WhiteElo "2411"]
[BlackElo "2370"]

1.d4 Nf6 2.c4 e6 3.Nf3 Bb4+ 4.Bd2 Qe7 5.g3 Nc6 6.Nc3 Bxc3 7.Bxc3 d5 8.Bg2 O-O
9.O-O Rd8 10.Qb3 Rb8 11.Rfd1 Bd7 12.Rac1 Be8 13.Ne5 Ne4 14.Be1 Kh8 15.Qe3 Nf6
16.Qf4 Kg8 17.a3 dxc4 18.Bxc6 Bxc6 19.Nxc6 bxc6 20.Bb4 Qd7 21.e4 Rb5 22.Rxc4 e5
23.Qe3 a5 24.Bc3 Qe6 25.d5 cxd5 26.exd5 Rbxd5 27.Rxd5 Rxd5 28.Rxc7 h6 29.Rc5 Ng4
30.Rxd5 Nxe3 31.Rxe5 Qb3 32.Rxe3 a4 33.h4 f6 34.Kf1 Qd1+ 35.Re1 Qd3+ 36.Kg2 Qd5+
37.Kh2 h5 38.Re3 Kf7 39.Kg1 Qd1+ 40.Kg2 Qd5+  1/2-1/2

[Event "19th Open Pula"]
[Site "Pula CRO"]
[Date "2005.06.24"]
[Round "7"]
[White "Franic,M"]
[Black "Mandekic,I"]
[Result "1-0"]
[WhiteElo "2390"]
[BlackElo "2238"]

1.d4 Nf6 2.c4 e6 3.Nf3 Bb4+ 4.Bd2 c5 5.Bxb4 cxb4 6.Qd3 O-O 7.e4 d5 8.Nbd2 dxe4
9.Nxe4 Nbd7 10.Be2 Qc7 11.O-O b6 12.Rad1 Bb7 13.Nxf6+ Nxf6 14.Ne5 Rad8 15.Qe3 Rd6
16.f3 Rfd8 17.Bd3 Nd7 18.Bxh7+ Kxh7 19.Nxf7 Nf8 20.Nxd8 Rxd8 21.Qg5 Rd7 22.b3 a5
23.Rfe1 Kg8 24.Re5 Rf7 25.Qg3 Rf6 26.Rg5 Qf7 27.Qd6 Rxf3 28.c5 Qf6 29.c6 Ba6
30.gxf3 Qxg5+ 31.Kf2 Qf5 32.Rc1 Kh7 33.c7 Bb7 34.Rc6 Bc8 35.Qe5 Qf7 36.Rxb6 Kg8
37.Rb8 Qd7 38.Rxc8 Qxc8 39.Qd6 e5 40.Qd8 Qh3 41.c8=Q Qxh2+ 42.Ke3 Qf4+ 43.Ke2 Qh2+
44.Kd3 e4+ 45.fxe4 Qg3+ 46.Kc4  1-0

[Event "2nd RUS Pupils Summer Girls"]
[Site "Satka RUS"]
[Date "2005.06.27"]
[Round "1"]
[White "Meleshko,Ann"]
[Black "Chernova,A"]
[Result "0-1"]
[WhiteElo "2259"]
[BlackElo "2081"]

1.d4 Nf6 2.c4 e6 3.Nf3 Bb4+ 4.Bd2 Qe7 5.a3 Bxd2+ 6.Nbxd2 O-O 7.g3 d6 8.Bg2 e5
9.dxe5 dxe5 10.e4 c6 11.O-O a5 12.Qc2 Nbd7 13.Qc3 Re8 14.b4 b6 15.Rfc1 c5
16.b5 Bb7 17.Ne1 Nf8 18.Nc2 Qc7 19.Ne3 Ne6 20.Nd5 Bxd5 21.exd5 Nd4 22.Re1 Rad8
23.Nf3 Qd6 24.h3 Nd7 25.Re3 f5 26.Rae1 Qf6 27.Nd2 Kf8 28.Kh2 e4 29.f4 exf3
30.Rxe8+ Rxe8 31.Rxe8+ Kxe8 32.Nxf3 Nxf3+ 33.Qxf3 Ne5 34.Qh5+ Qg6 35.Qxg6+ Nxg6
36.Bf1 Ne5 37.Kg2 Ke7 38.Kf2 Kf6 39.Ke3 Nf7 40.Kf4 g5+ 41.Kf3 Ke5 42.Bd3 h6
43.h4 Kd4 44.Ke2 Nd6 45.Kd2 f4 46.hxg5 hxg5 47.gxf4 gxf4 48.Bf1 Ne4+ 49.Ke1 Ke3
50.Be2 f3 51.Bf1 Nd6 52.Kd1 Kf2 53.Bd3 Kg1 54.Kd2 f2 55.Ke3 f1=Q 56.Bxf1 Kxf1
57.Kf4 Nxc4 58.Kf5 Ke2 59.Ke6 Kf3 60.d6 Nxd6 61.Kxd6 c4 62.Kc6 c3 63.Kxb6 c2
64.Kxa5 c1=Q 65.a4 Qc3+ 66.Ka6 Qc8+ 67.Ka7 Qc4 68.b6 Qxa4+ 69.Kb8 Ke4  0-1

[Event "ZS"]
[Site "Brno CZE"]
[Date "2005.07.01"]
[Round "2"]
[White "Kozak,Mi"]
[Black "Szymanski,M"]
[Result "1/2-1/2"]
[WhiteElo "2257"]
[BlackElo "2422"]

1.d4 Nf6 2.c4 e6 3.Nf3 Bb4+ 4.Bd2 c5 5.Bxb4 cxb4 6.g3 O-O 7.Bg2 d6 8.Nbd2 Nc6
9.Nf1 e5 10.Ne3 Ng4 11.Nd5 Nh6 12.dxe5 dxe5 13.O-O Nf5 14.e3 Nd6 15.Nd2 Be6
16.Qb3 a5 17.Rac1 f5 18.f4 e4 19.Rfd1 Ne7 20.Nxe7+ Qxe7 21.Qa4 Bd7 22.Qb3 Nf7
23.Bf1 a4 24.Qc2 Be6 25.Be2 Qc5 26.Nf1 Rfe8 27.g4 Nd8  1/2-1/2

[Event "2nd RUS Pupils Summer Boys"]
[Site "Satka RUS"]
[Date "2005.07.04"]
[Round "7"]
[White "Trofimov,SP"]
[Black "Mozharov,M"]
[Result "1/2-1/2"]
[WhiteElo "2410"]
[BlackElo "2272"]

1.d4 Nf6 2.c4 e6 3.Nf3 Bb4+ 4.Bd2 a5 5.g3 O-O 6.Bg2 Qe7 7.O-O Bxd2 8.Qxd2 d6
9.Nc3 Nc6 10.e4 e5 11.Rac1 Bg4 12.d5 Bxf3 13.dxc6 Bxg2 14.cxb7 Rab8 15.Kxg2 Rxb7
16.f3 Qe6 17.b3 Nd7 18.Na4 Rb4 19.Qd5 Qxd5 20.cxd5 Rb7 21.g4 Ra8 22.Rc3 Kf8
23.Rfc1 Raa7 24.Kf2 Ke7 25.Ke2 Kd8  1/2-1/2

[Event "Open"]
[Site "Barbera del Valles ESP"]
[Date "2005.07.05"]
[Round "2"]
[White "Almeida,O"]
[Black "Fernandez Gonzalez,J"]
[Result "1-0"]
[WhiteElo "2462"]
[BlackElo "2062"]

1.d4 Nf6 2.Nf3 e6 3.c4 Bb4+ 4.Bd2 Qe7 5.g3 O-O 6.Bg2 Bxd2+ 7.Qxd2 d6 8.Nc3 Nbd7
9.O-O c5 10.Rfd1 Nb6 11.b3 Bd7 12.dxc5 dxc5 13.Ne5 Rad8 14.Qd6 Qxd6 15.Rxd6 Bc8
16.Rad1 Rxd6 17.Rxd6 g6 18.Nb5 Ne8 19.Rd8 a6 20.Na7 Nc7 21.Rxf8+ Kxf8 22.Nd3 Ke7
23.Nxc5 e5 24.Nxc8+ Nxc8 25.Bxb7  1-0

[Event "4th Open"]
[Site "La Fere FRA"]
[Date "2005.07.06"]
[Round "7"]
[White "Genov,Peta"]
[Black "Riff,JN"]
[Result "1/2-1/2"]
[WhiteElo "2469"]
[BlackElo "2416"]

1.d4 Nf6 2.c4 e6 3.Nf3 Bb4+ 4.Bd2 Qe7 5.g3 Nc6 6.Nc3 O-O 7.Bg2 Na5 8.b3 b6
9.O-O Bb7 10.Qc2 Rac8 11.Rfe1 c5 12.a3 Bxc3 13.Bxc3 Be4 14.Qb2 d5 15.dxc5  1/2-1/2

[Event "2nd RUS Pupils Summer Boys"]
[Site "Satka RUS"]
[Date "2005.07.06"]
[Round "9"]
[White "Kiselev,Vi2"]
[Black "Mozharov,M"]
[Result "1-0"]
[WhiteElo "2250"]
[BlackElo "2272"]

1.d4 Nf6 2.c4 e6 3.Nf3 Bb4+ 4.Bd2 a5 5.g3 Qe7 6.Bg2 O-O 7.O-O Bxd2 8.Qxd2 d6
9.Nc3 Nc6 10.Rac1 Rd8 11.e4 b6 12.b3 Bb7 13.Rfe1 Nb4 14.a3 Na6 15.Qc2 Rab8
16.Re2 h6 17.Ne1 e5 18.Nd5 Qe6 19.Nxf6+ Qxf6 20.d5 Bc8 21.Qc3 Qg6 22.b4 Rf8
23.Nd3 axb4 24.axb4 f5 25.Ra1 f4 26.gxf4 exf4 27.f3 Bb7 28.Rea2 Rbe8 29.Kh1 Qh5
30.Nf2 Qh4 31.Bh3 Nb8 32.Be6+ Kh8 33.Rg1 Re7 34.Rg4 Qh5 35.Nd3 Rf6 36.Rag2 Kh7
37.Bf5+ Kh8 38.Rxg7  1-0

[Event "Open A"]
[Site "Klatovy CZE"]
[Date "2005.07.10"]
[Round "9"]
[White "Prazak,O"]
[Black "Cmiko,J"]
[Result "1/2-1/2"]
[WhiteElo "2006"]
[BlackElo "2093"]

1.d4 Nf6 2.c4 e6 3.Nf3 Bb4+ 4.Bd2 Qe7 5.g3 b6 6.Bg2 Bb7 7.O-O Bxd2 8.Nbxd2 O-O
9.Rc1 d6 10.e3 c5 11.Qc2 cxd4 12.Nxd4 Bxg2 13.Kxg2 Qb7+ 14.Kg1 Nc6 15.Ne4 Nxd4
16.Nxf6+ gxf6 17.exd4 Qf3  1/2-1/2

[Event "Andorra Open"]
[Site "Andorra la Vella AND"]
[Date "2005.07.11"]
[Round "3"]
[White "Damljanovic,B"]
[Black "Oms Pallise,J"]
[Result "1-0"]
[WhiteElo "2612"]
[BlackElo "2476"]

1.d4 Nf6 2.c4 e6 3.Nf3 Bb4+ 4.Bd2 Qe7 5.g3 Nc6 6.Nc3 Bxc3 7.Bxc3 Ne4 8.Rc1 O-O
9.Bg2 d6 10.d5 Nd8 11.Nd2 Nxc3 12.Rxc3 e5 13.c5 dxc5 14.Qc2 Bd7 15.Rxc5 c6
16.e4 b6 17.Rc3 c5 18.O-O Nb7 19.Re1 Nd6 20.a4 g6 21.f4 f6 22.b3 Kg7 23.Qb2 Rab8
24.Rcc1 a5 25.Qc3 Rbe8 26.h4 Bc8 27.Bf3 Kg8 28.Bg2 Bg4 29.Re3 Qd7 30.Rf1 Rf7
31.Rf2 Rfe7 32.fxe5 fxe5 33.Re1 Rf8 34.Rxf8+ Kxf8 35.Rf1+ Ke8 36.Rf6 Qd8
37.Kh2 Be2 38.Bh3 c4 39.Be6 Qc7 40.Qxe5  1-0